[Event "FIN-chT 1516"]
[Site "Finland"]
[Date "2016.03.13"]
[Round "11.2"]
[White "Ivanov, Sergey A"]
[Black "Dokutchaev, Aleksander"]
[Result "1/2-1/2"]
[WhiteElo "2329"]
[BlackElo "2414"]
[PlyCount "45"]
[EventDate "2015.09.12"]
[EventType "team-tourn"]
[EventRounds "11"]
[EventCountry "FIN"]
[SourceTitle "EXT 2017"]
[Source "ChessBase"]
[SourceDate "2016.10.25"]
[SourceVersion "1"]
[SourceVersionDate "2016.10.25"]
[SourceQuality "1"]
[WhiteTeam "Helsinki Garde"]
[BlackTeam "Jyvaskyla JyS"]
[WhiteTeamCountry "FIN"]
[BlackTeamCountry "FIN"]

1. e4 e5 2. Nf3 Nc6 3. d4 exd4 4. Nxd4 Nf6 5. Nxc6 bxc6 6. Bd3 d5 7. exd5 cxd5 8. 0-0 Be7 9. c4 0-0 10. cxd5 Bb7 11. Nc3 Nxd5 12. Qh5 g6 13. Qh3 Nxc3 14. bxc3 Qc8 15. Qg3 Bd6 16. Bf4 Rd8 17. Rfd1 Qe6 18. Bf1 Bd5 19. Bxd6 Rxd6 20. c4 Bxc4 21. Rxd6 cxd6 22. Bxc4 Qxc4 23. Qxd6 1/2-1/2

[Event "FIN-chT1A 1415"]
[Site "Finland"]
[Date "2014.11.16"]
[Round "4.2"]
[White "Vetelaeinen, Tomi"]
[Black "Ivanov, Sergey A"]
[Result "0-1"]
[WhiteElo "2067"]
[BlackElo "2340"]
[PlyCount "98"]
[EventDate "2014.09.27"]
[EventType "team-tourn"]
[EventRounds "7"]
[EventCountry "FIN"]
[SourceTitle "EXT 2017"]
[Source "ChessBase"]
[SourceDate "2016.10.25"]
[SourceVersion "1"]
[SourceVersionDate "2016.10.25"]
[SourceQuality "1"]
[WhiteTeam "Vantaa Remi"]
[BlackTeam "Helsinki Garde"]
[WhiteTeamCountry "FIN"]
[BlackTeamCountry "FIN"]

1. d4 Nf6 2. c4 e6 3. Nf3 b6 4. a3 c5 5. Nc3 cxd4 6. Nxd4 Bb7 7. Bg5 Be7 8. f3 h6 9. Bh4 a6 10. e3 Qc7 11. Bg3 d6 12. Rc1 0-0 13. Be2 Nbd7 14. Qb3 Rac8 15. 0-0 g6 16. Qa2 e5 17. Nb3 Qb8 18. Nd2 Bc6 19. Nd5 Bd8 20. Bf2 Ne8 21. b4 Qa8 22. e4 Kg7 23. Qb2 b5 24. Rfd1 f5 25. cxb5 axb5 26. Nb1 fxe4 27. fxe4 Ndf6 28. Nxf6 Bxf6 29. Nc3 Qb7 30. Bf3 Bg5 31. Rc2 h5 32. Nd5 Kh7 33. Qb3 Ng7 34. Qd3 Ne6 35. Kh1 Rf7 36. Kg1 Bh6 37. h4 Bg7 38. Kh1 Nd4 39. Bxd4 exd4 40. g3 Be5 41. Bg2 Bxd5 42. Rxc8 Qxc8 43. exd5 Qg4 44. Be4 Bxg3 45. Bxg6+ Qxg6 46. Qxg6+ Kxg6 47. Rg1 Rf3 48. Kg2 Rxa3 49. Kh3 Kf5 0-1

[Event "FIN-chT1A 1415"]
[Site "Finland"]
[Date "2014.11.15"]
[Round "3.2"]
[White "Nordlund, Jukka"]
[Black "Ivanov, Sergey A"]
[Result "0-1"]
[WhiteElo "2116"]
[BlackElo "2340"]
[PlyCount "91"]
[EventDate "2014.09.27"]
[EventType "team-tourn"]
[EventRounds "7"]
[EventCountry "FIN"]
[SourceTitle "EXT 2017"]
[Source "ChessBase"]
[SourceDate "2016.10.25"]
[SourceVersion "1"]
[SourceVersionDate "2016.10.25"]
[SourceQuality "1"]
[WhiteTeam "Pori PSY"]
[BlackTeam "Helsinki Garde"]
[WhiteTeamCountry "FIN"]
[BlackTeamCountry "FIN"]

1. d4 Nf6 2. c4 e6 3. Nc3 Bb4 4. f3 c5 5. d5 b5 6. e4 bxc4 7. Bxc4 0-0 8. Nge2 d6 9. 0-0 e5 10. Bg5 h6 11. Bh4 Nbd7 12. Kh1 Rb8 13. Rb1 Ba5 14. a3 a6 15. Qc1 Qc7 16. Nd1 Nh7 17. Ne3 Re8 18. Bf2 Ndf6 19. Bd3 Nf8 20. Nc4 Bd7 21. Ng3 Ng6 22. Be3 Kh7 23. h3 Rb3 24. Bc2 Rb7 25. f4 Bb5 26. Bd3 Bxc4 27. Qxc4 exf4 28. Bxf4 Nxf4 29. Rxf4 Kg8 30. Rxf6 gxf6 31. Nf5 Re5 32. Nxh6+ Kf8 33. Nf5 Bd2 34. Qc2 Bg5 35. Qe2 Rb8 36. Qg4 Qb6 37. b4 Qc7 38. Qh5 Rxf5 39. exf5 Kg7 40. Qg4 cxb4 41. axb4 a5 42. b5 Qc3 43. Qc4 Qxc4 44. Bxc4 Be3 45. Re1 Bc5 46. g4 0-1

[Event "Heart of Finland op 24th"]
[Site "Jyvaskyla"]
[Date "2014.07.12"]
[Round "8"]
[White "Ivanov, Sergey A"]
[Black "Drill, Frank J"]
[Result "1-0"]
[WhiteElo "2335"]
[BlackElo "2121"]
[PlyCount "45"]
[EventDate "2014.07.07"]
[EventType "swiss"]
[EventRounds "9"]
[EventCountry "FIN"]
[SourceTitle "CBM 161 Extra"]
[Source "ChessBase"]
[SourceDate "2014.08.29"]
[SourceVersion "1"]
[SourceVersionDate "2014.08.29"]
[SourceQuality "1"]

1. c4 b6 2. Nf3 Bb7 3. g3 Bxf3 4. exf3 c5 5. d4 cxd4 6. Qxd4 Nc6 7. Qd2 e6 8. Nc3 Nh6 9. Bg2 Nf5 10. 0-0 Rc8 11. b3 Qf6 12. Rd1 d6 13. Bb2 Qg6 14. Ne4 h5 15. Bh3 Rd8 16. Qf4 Nh6 17. Nxd6+ Bxd6 18. Rxd6 Rc8 19. Rxc6 0-0 20. Rxc8 Rxc8 21. Rd1 Qc2 22. Qd4 e5 23. Qd2 1-0

[Event "Heart of Finland op 24th"]
[Site "Jyvaskyla"]
[Date "2014.07.09"]
[Round "4"]
[White "Ivanov, Sergey A"]
[Black "Narva, Mai"]
[Result "1-0"]
[WhiteElo "2335"]
[BlackElo "2048"]
[PlyCount "101"]
[EventDate "2014.07.07"]
[EventType "swiss"]
[EventRounds "9"]
[EventCountry "FIN"]
[SourceTitle "CBM 161 Extra"]
[Source "ChessBase"]
[SourceDate "2014.08.29"]
[SourceVersion "1"]
[SourceVersionDate "2014.08.29"]
[SourceQuality "1"]

1. e4 c5 2. Nc3 a6 3. a4 e6 4. g3 d5 5. exd5 exd5 6. Bg2 Nf6 7. d3 h6 8. Nge2 Nc6 9. 0-0 Be7 10. h3 0-0 11. d4 cxd4 12. Nxd4 Qb6 13. Nce2 Nxd4 14. Nxd4 Bc5 15. a5 Qa7 16. Be3 Qb8 17. c3 Bd7 18. Nc2 Bxe3 19. Nxe3 Rd8 20. Qd4 Qc7 21. Rfd1 Rac8 22. g4 Bc6 23. Nf5 Kh7 24. h4 Rg8 25. Re1 Rce8 26. Rxe8 Rxe8 27. g5 Qe5 28. Qxe5 Rxe5 29. Nd6 Ne8 30. Nxf7 Rf5 31. Nd8 hxg5 32. Re1 Nd6 33. Bh3 Rf4 34. Nxc6 bxc6 35. Re6 Ne4 36. Bg2 Nxf2 37. hxg5 Nd1 38. Rxc6 Rg4 39. Kh2 Rxg5 40. b4 Ne3 41. Bh3 Nc2 42. Bf1 Ne1 43. Kh3 Nf3 44. Be2 Ng1+ 45. Kh4 Rg2 46. Bg4 g5+ 47. Kh5 Rb2 48. Rxa6 d4 49. Ra7+ Kg8 50. Kg6 Kf8 51. Kf6 1-0

[Event "Karelia-ch"]
[Site "Petrozavodsk"]
[Date "2014.02.23"]
[Round "9"]
[White "Ivanov, Sergey A"]
[Black "Pimenov, Revolt"]
[Result "1-0"]
[WhiteElo "2312"]
[BlackElo "2123"]
[PlyCount "57"]
[EventDate "2014.02.18"]
[EventType "swiss"]
[EventRounds "9"]
[EventCountry "RUS"]
[SourceTitle "EXT 2016"]
[Source "ChessBase"]
[SourceDate "2015.10.08"]
[SourceVersion "1"]
[SourceVersionDate "2015.10.08"]
[SourceQuality "1"]

1. e4 e6 2. d4 d5 3. exd5 exd5 4. Bd3 Bd6 5. c3 Ne7 6. Qh5 Be6 7. Ne2 Qd7 8. Nf4 Nbc6 9. Nxe6 Qxe6+ 10. Qe2 Qf6 11. Qg4 h5 12. Qe2 0-0-0 13. h4 Bf4 14. Bxf4 Qxf4 15. Nd2 Rde8 16. g3 Qh6 17. 0-0-0 Kb8 18. Rde1 Nc8 19. Qf3 Re6 20. Qxd5 Rd8 21. Qg5 Qh8 22. Rxe6 fxe6 23. Qe3 e5 24. d5 Rxd5 25. Be4 Rd6 26. Nc4 Rf6 27. Bxc6 Qg8 28. Nxe5 bxc6 29. Nd7+ 1-0

[Event "Karelia-ch"]
[Site "Petrozavodsk"]
[Date "2014.02.20"]
[Round "4"]
[White "Kolegov, Andrey"]
[Black "Ivanov, Sergey A"]
[Result "0-1"]
[WhiteElo "2010"]
[BlackElo "2312"]
[PlyCount "70"]
[EventDate "2014.02.18"]
[EventType "swiss"]
[EventRounds "9"]
[EventCountry "RUS"]
[SourceTitle "EXT 2016"]
[Source "ChessBase"]
[SourceDate "2015.10.08"]
[SourceVersion "1"]
[SourceVersionDate "2015.10.08"]
[SourceQuality "1"]

1. e4 d5 2. exd5 Qxd5 3. Nc3 Qa5 4. d4 Nf6 5. Nf3 Bg4 6. Be2 Nc6 7. h3 Bh5 8. g4 Bg6 9. Bd2 Nb4 10. 0-0 h5 11. g5 Bxc2 12. Qc1 Qf5 13. gxf6 gxf6 14. Kh2 e6 15. Nh4 Qh7 16. a3 Nc6 17. Be3 0-0-0 18. Qd2 a6 19. Rac1 Be4 20. f3 Bd5 21. Bd3 f5 22. Qc2 Qg7 23. Nxd5 Rxd5 24. Bxa6 Bd6+ 25. f4 Nxd4 26. Bxb7+ Kxb7 27. Qc3 Qf6 28. Ng2 Rg8 29. Bxd4 Qxd4 30. Qc6+ Kb8 31. Rc3 Qb6 32. Qa4 Rd2 33. Rg1 Rxb2 34. Rc2 Bxf4+ 35. Kh1 Rb1 0-1

[Event "FIN-chT 1314"]
[Site "Finland"]
[Date "2014.02.09"]
[Round "8.1"]
[White "Nyback, Tomi"]
[Black "Ivanov, Sergey A"]
[Result "1/2-1/2"]
[WhiteElo "2599"]
[BlackElo "2336"]
[PlyCount "139"]
[EventDate "2013.09.21"]
[EventType "team-tourn"]
[EventRounds "11"]
[EventCountry "FIN"]
[SourceTitle "EXT 2015"]
[Source "ChessBase"]
[SourceDate "2014.11.20"]
[SourceVersion "1"]
[SourceVersionDate "2014.11.20"]
[SourceQuality "1"]
[WhiteTeam "Helsinki Aatos"]
[BlackTeam "Helsinki Garde"]
[WhiteTeamCountry "FIN"]
[BlackTeamCountry "FIN"]

1. d4 Nf6 2. c4 e6 3. g3 d5 4. Nf3 c6 5. Qc2 b6 6. Bg2 Bb7 7. 0-0 Be7 8. Nbd2 Nbd7 9. e4 Nxe4 10. Nxe4 dxe4 11. Qxe4 0-0 12. Rd1 Rc8 13. Bf4 Nf6 14. Qc2 Bd6 15. Be5 h6 16. Qa4 a6 17. Qb3 Bc7 18. c5 Nd5 19. Nd2 b5 20. Ne4 a5 21. Qf3 f5 22. Nd6 Bxd6 23. Bxd6 Re8 24. Re1 Qf6 25. Re5 b4 26. Bf1 Ra8 27. Rae1 Kf7 28. Qh5+ Kg8 29. Bd3 Qf7 30. Qe2 g6 31. h4 Bc8 32. h5 Bd7 33. hxg6 Qxg6 34. Qf3 h5 35. Be2 Nf6 36. Bc4 Nd5 37. Qh1 Kf7 38. R5e2 Qg4 39. Be5 Rg8 40. f3 Qg5 41. Kf2 Rg6 42. Qh2 Rag8 43. Rh1 f4 44. Bxf4 Nxf4 45. gxf4 Qf6 46. Ke3 Rh8 47. Rg2 Rxg2 48. Qxg2 h4 49. Qg5 Ke7 50. Bf1 Be8 51. Bh3 Rh5 52. Qxf6+ Kxf6 53. a3 Bg6 54. axb4 axb4 55. Bg4 Rh8 56. Kf2 Ra8 57. Re1 Bf5 58. Kg2 Ra2 59. Re2 Ra1 60. Kh3 Rh1+ 61. Rh2 Rd1 62. Kxh4 Rxd4 63. Kg3 Rc4 64. Bxf5 Kxf5 65. Rh5+ Kg6 66. Re5 Kf6 67. Re4 Rxc5 68. Rxb4 Rc2 69. Rb3 c5 70. Rc3 1/2-1/2

[Event "FIN-chT 1314"]
[Site "Finland"]
[Date "2013.10.13"]
[Round "4.1"]
[White "Ivanov, Sergey A"]
[Black "Kanep, Meelis"]
[Result "0-1"]
[WhiteElo "2336"]
[BlackElo "2511"]
[PlyCount "74"]
[EventDate "2013.09.21"]
[EventType "team-tourn"]
[EventRounds "11"]
[EventCountry "FIN"]
[SourceTitle "EXT 2014"]
[Source "ChessBase"]
[SourceDate "2013.11.20"]
[SourceVersion "1"]
[SourceVersionDate "2013.11.20"]
[SourceQuality "1"]
[WhiteTeam "Helsinki Garde"]
[BlackTeam "Vantaa EtVaS"]
[WhiteTeamCountry "FIN"]
[BlackTeamCountry "FIN"]

1. c4 g6 2. Nc3 Bg7 3. d4 Nf6 4. e4 d6 5. f4 0-0 6. Nf3 Na6 7. Be2 c5 8. d5 Nc7 9. 0-0 b5 10. cxb5 a6 11. bxa6 Bxa6 12. Bxa6 Rxa6 13. Qe2 Qa8 14. a3 Rb8 15. Nd2 e6 16. dxe6 Nxe6 17. Nf3 Nd4 18. Qc4 Nxe4 19. Nxe4 d5 20. Qa2 Ne2+ 21. Kh1 Nxc1 22. Raxc1 Rxb2 23. Qa1 Rxa3 24. Nxc5 Rxa1 25. Rxa1 Ra2 26. Rad1 Ra1 27. Nd3 Rxd1 28. Rxd1 Qa2 29. Nde5 g5 30. Nc6 Qa4 31. Rc1 Bb2 32. Ne7+ Kf8 33. Re1 Bc3 34. Re3 gxf4 35. Rxc3 Qa1+ 36. Ng1 Qxc3 37. Nxd5 Qd4 0-1

[Event "FIN-chT1A 1112"]
[Site "Finland"]
[Date "2012.03.10"]
[Round "7.1"]
[White "Ivanov, Sergey A"]
[Black "Koykka, Pekka"]
[Result "0-1"]
[WhiteElo "2348"]
[BlackElo "2217"]
[PlyCount "126"]
[EventDate "2011.09.17"]
[EventType "team-tourn"]
[EventRounds "7"]
[EventCountry "FIN"]
[SourceTitle "EXT 2019"]
[Source "ChessBase"]
[SourceDate "2018.10.10"]
[SourceVersion "1"]
[SourceVersionDate "2018.10.10"]
[SourceQuality "1"]
[WhiteTeam "Helsinki Garde"]
[BlackTeam "Tampere Tammer II"]
[WhiteTeamCountry "FIN"]
[BlackTeamCountry "FIN"]

1. d4 Nf6 2. Nc3 d5 3. Bg5 e6 4. e4 dxe4 5. Nxe4 Be7 6. Bxf6 Bxf6 7. Nf3 Nd7 8. Qd2 0-0 9. 0-0-0 b6 10. Bd3 Bb7 11. Qf4 Be7 12. h4 Rc8 13. Kb1 Nf6 14. Neg5 Qd6 15. Ne5 c5 16. dxc5 Qxc5 17. Nd7 Nxd7 18. Bxh7+ Kh8 19. Rxd7 Bxg2 20. Rg1 Bxg5 21. hxg5 Kxh7 22. c3 Qc6 23. Rd4 Kg8 24. Qg4 e5 25. Rd7 Rcd8 26. Rxa7 Qe4+ 27. Qxe4 Bxe4+ 28. Kc1 Ra8 29. Rxa8 Bxa8 30. Re1 Re8 31. Rd1 Bc6 32. g6 fxg6 33. Rd6 Rc8 34. Rxg6 Kf7 35. Rd6 g5 36. Kd2 Ke7 37. Rg6 g4 38. Rxg4 Rf8 39. Ke3 Rf3+ 40. Ke2 Rf6 41. Ke3 Kd6 42. Rg8 Bd5 43. Rd8+ Kc6 44. b3 Kc5 45. c4 Bc6 46. Rb8 Rf3+ 47. Ke2 Rc3 48. Kd2 Rh3 49. Rc8 Rh1 50. b4+ Kd6 51. Kc3 Rh3+ 52. Kd2 Ra3 53. Rf8 Rxa2+ 54. Ke3 Ra3+ 55. Ke2 Rb3 56. Rf6+ Kc7 57. b5 Be4 58. Re6 Bf3+ 59. Kd2 e4 60. Kc2 Rd3 61. Rc6+ Kb7 62. Re6 Rd4 63. Kc3 Rd1 0-1

[Event "FIN-chT1A 1112"]
[Site "Finland"]
[Date "2011.11.20"]
[Round "4.1"]
[White "Ivanov, Sergey A"]
[Black "Laine, Panu"]
[Result "1-0"]
[WhiteElo "2348"]
[BlackElo "2212"]
[PlyCount "77"]
[EventDate "2011.09.17"]
[EventType "team-tourn"]
[EventRounds "7"]
[EventCountry "FIN"]
[SourceTitle "EXT 2019"]
[Source "ChessBase"]
[SourceDate "2018.10.10"]
[SourceVersion "1"]
[SourceVersionDate "2018.10.10"]
[SourceQuality "1"]
[WhiteTeam "Helsinki Garde"]
[BlackTeam "Espoo MatSK II"]
[WhiteTeamCountry "FIN"]
[BlackTeamCountry "FIN"]

1. c4 e6 2. Nf3 Nf6 3. g3 d5 4. Bg2 dxc4 5. Qa4+ Nbd7 6. Qxc4 a6 7. Qc2 Be7 8. 0-0 0-0 9. d4 c5 10. Rd1 Qb6 11. Nc3 Qa7 12. h3 cxd4 13. Nxd4 Bc5 14. Be3 e5 15. Nf5 Bxe3 16. Nxe3 Nb6 17. Ncd5 Nfxd5 18. Nxd5 Be6 19. Ne7+ Kh8 20. Qc7 Nc4 21. b3 Qb6 22. Qxb6 Nxb6 23. Rac1 a5 24. Rc7 a4 25. Rxb7 Rab8 26. Rxb8 Rxb8 27. Nc6 Re8 28. Nxe5 axb3 29. axb3 Bxb3 30. Rb1 Rxe5 31. Rxb3 Nc8 32. Rb8 Re8 33. Bc6 Rg8 34. Rb7 Rf8 35. e4 f6 36. Rb8 Rg8 37. Bd5 Re8 38. Bf7 Rf8 39. Be6 1-0

[Event "Karelia-ch"]
[Site "Petrozavodsk"]
[Date "2011.02.27"]
[Round "9"]
[White "Sklyarov, Dmitry V"]
[Black "Ivanov, Sergey A"]
[Result "1-0"]
[WhiteElo "2408"]
[BlackElo "2353"]
[PlyCount "105"]
[EventDate "2011.02.22"]
[EventType "swiss"]
[EventRounds "9"]
[EventCountry "RUS"]
[SourceTitle "CBM 141 Extra"]
[Source "ChessBase"]
[SourceDate "2011.05.03"]
[SourceVersion "1"]
[SourceVersionDate "2011.05.03"]
[SourceQuality "1"]

1. g3 c5 2. Bg2 Nc6 3. Nf3 g6 4. c3 Bg7 5. d4 cxd4 6. cxd4 d5 7. Nc3 e6 8. 0-0 Nge7 9. Bf4 0-0 10. g4 h6 11. e3 f6 12. Bg3 e5 13. dxe5 Bxg4 14. Qa4 Bxf3 15. Bxf3 fxe5 16. Bxd5+ Nxd5 17. Qb3 Rf7 18. Nxd5 Na5 19. Qd3 Nc6 20. Qe4 Qg5 21. Rfd1 Raf8 22. Rd2 Nd4 23. h4 Qf5 24. Qxf5 Nxf5 25. Rc1 Kh7 26. Kg2 Rd8 27. Rcd1 Nxg3 28. Kxg3 e4 29. Nf6+ Bxf6 30. Rxd8 Bxd8 31. Rxd8 Re7 32. Kf4 Kg7 33. Rd4 Rf7+ 34. Kg3 Re7 35. b4 b6 36. a4 Kf6 37. Kf4 g5+ 38. hxg5+ hxg5+ 39. Kg4 Ke5 40. b5 Rf7 41. Rd2 Rg7 42. Rc2 Kf6 43. Rc8 Ke6 44. Rf8 Rc7 45. Kxg5 Rc4 46. Kf4 Rxa4 47. Re8+ Kd5 48. Re5+ Kc4 49. Rxe4+ Kxb5 50. Rxa4 Kxa4 51. e4 Kb5 52. Kf5 Kc5 53. e5 1-0

[Event "Petrozavodsk"]
[Site "Petrozavodsk"]
[Date "2010.10.10"]
[Round "2"]
[White "Savolainen, Lev P"]
[Black "Ivanov, Sergey A"]
[Result "0-1"]
[WhiteElo "2190"]
[BlackElo "2329"]
[PlyCount "42"]
[EventDate "2010.10.09"]
[EventType "tourn"]
[EventRounds "9"]
[EventCountry "RUS"]
[EventCategory "1"]
[SourceTitle "EXT 2011"]
[Source "ChessBase"]
[SourceDate "2010.11.26"]
[SourceVersion "1"]
[SourceVersionDate "2010.11.26"]
[SourceQuality "1"]

1. d4 Nf6 2. c4 e6 3. Nc3 Bb4 4. Qc2 c5 5. dxc5 0-0 6. Nf3 Bxc5 7. e3 Nc6 8. a3 b6 9. Be2 Bb7 10. 0-0 a6 11. Na4 Bd6 12. c5 bxc5 13. Nxc5 Bc8 14. b4 Qe7 15. Bb2 a5 16. Nd4 Nxd4 17. Bxd4 axb4 18. axb4 Rb8 19. b5 e5 20. Na6 exd4 21. Nxb8 Bxb8 0-1

[Event "Karelia-ch 63rd"]
[Site "Petrozavodsk"]
[Date "2010.02.21"]
[Round "2"]
[White "Ivanov, Sergey A"]
[Black "Popelyshev, Igor Viktorovich"]
[Result "1/2-1/2"]
[WhiteElo "2342"]
[BlackElo "2152"]
[PlyCount "30"]
[EventDate "2010.02.20"]
[EventType "swiss"]
[EventRounds "9"]
[EventCountry "RUS"]
[SourceTitle "CBM 135 Extra"]
[Source "ChessBase"]
[SourceDate "2010.05.04"]
[SourceVersion "1"]
[SourceVersionDate "2010.05.04"]
[SourceQuality "1"]

1. e3 e5 2. c4 Nc6 3. Nc3 Nf6 4. Nf3 Be7 5. d4 exd4 6. Nxd4 0-0 7. Be2 Re8 8. 0-0 Bf8 9. Nxc6 dxc6 10. Qc2 Qe7 11. b3 Qe5 12. f4 Qf5 13. Bd3 Qh5 14. e4 Bc5+ 15. Kh1 Ng4 1/2-1/2

[Event "Petrozavodsk Elo"]
[Site "Petrozavodsk"]
[Date "2009.10.16"]
[Round "8"]
[White "Ivanov, Sergey A"]
[Black "Feoktistov, Alexey A"]
[Result "1/2-1/2"]
[WhiteElo "2359"]
[BlackElo "2415"]
[PlyCount "20"]
[EventDate "2009.01.10"]
[EventType "tourn"]
[EventRounds "9"]
[EventCountry "RUS"]
[EventCategory "2"]
[SourceTitle "EXT 2010"]
[Source "ChessBase"]
[SourceDate "2010.11.25"]
[SourceVersion "1"]
[SourceVersionDate "2010.11.25"]
[SourceQuality "1"]

1. e4 e5 2. Nf3 Nf6 3. Nxe5 d6 4. Nf3 Nxe4 5. d4 d5 6. Bd3 Bd6 7. 0-0 0-0 8. Nbd2 Nxd2 9. Bxd2 Bg4 10. h3 Bh5 1/2-1/2

[Event "Petrozavodsk Elo"]
[Site "Petrozavodsk"]
[Date "2009.10.13"]
[Round "5"]
[White "Yachmenev, Mikhail A"]
[Black "Ivanov, Sergey A"]
[Result "1/2-1/2"]
[WhiteElo "2276"]
[BlackElo "2359"]
[PlyCount "102"]
[EventDate "2009.01.10"]
[EventType "tourn"]
[EventRounds "9"]
[EventCountry "RUS"]
[EventCategory "2"]
[SourceTitle "EXT 2010"]
[Source "ChessBase"]
[SourceDate "2010.11.25"]
[SourceVersion "1"]
[SourceVersionDate "2010.11.25"]
[SourceQuality "1"]

1. e4 c5 2. Nf3 e6 3. d3 Nc6 4. g3 g6 5. Bg2 Bg7 6. c3 e5 7. 0-0 Nge7 8. a3 a5 9. a4 0-0 10. Na3 d6 11. Nb5 b6 12. Re1 h6 13. d4 exd4 14. cxd4 Bg4 15. d5 Na7 16. Nc3 Rb8 17. Qd3 Bxf3 18. Bxf3 Re8 19. h4 Nf5 20. Bg2 Nd4 21. Be3 Qd7 22. Qd1 Kh7 23. Kh2 b5 24. axb5 Naxb5 25. Rxa5 Nxc3 26. bxc3 Nb3 27. Ra6 Bxc3 28. Rf1 Be5 29. h5 Rb7 30. Bh3 Qb5 31. Rc6 Na5 32. f4 Bg7 33. Rc8 Rxc8 34. Bxc8 Re7 35. hxg6+ fxg6 36. Be6 Nc4 37. Bc1 Ra7 38. f5 Ne5 39. fxg6+ Nxg6 40. Bf5 Ra2+ 41. Kh3 Re2 42. Rf4 h5 43. Rh4 Bf6 44. Rxh5+ Kg7 45. Be6 Ne5 46. Bf5 Nd3 47. Qxe2 Nf4+ 48. Bxf4 Qxe2 49. Rh7+ Kg8 50. Bxd6 c4 51. Rc7 Qh5+ 1/2-1/2